00788 a2200385 4500000002100000001000700021005001700028008004100045010000500086020000500091082001600096100001900112110000500131245010700136250000500243260002900248300001000277490000700287500000500294600000500299610000500304611000500309630000500314650000500319651000500324654000500329700002500334710000900359711000500368720000500373730000500378740000500383752000500388856000900393BKB 13218120200902151850.0  a a a519.3bS62S1 aBardi, Martino a1 aStochastic and differential games : theory and numerical methodscby Martino Bardi and T.E.S. Raghavan a aBostonbBirkhauserc1999 a380p. av a a a a a a a a aRaghavan, T.E.S.bc abc a a a a a adf